[Event "Juniorenländerkampf GER-RUS Mädchen"]
[Site "Neustadt"]
[Date "2008.08.20"]
[Round "1"]
[White "Schoene, Maria"]
[Black "Burtasova, Anna"]
[Result "0-1"]
[WhiteElo "2186"]
[BlackElo "2329"]
[PlyCount "86"]
[EventDate "2008.??.??"]
[EventType "schev"]
[WhiteTeam "Deutschland"]
[BlackTeam " Russland"]

1. e4 e5 2. Nf3 Nc6 3. Bb5 a6 4. Ba4 d6 5. O-O Bd7 6. d4 b5 7. Bb3 Nxd4 8. Nxd4
exd4 9. c3 d3 10. Qxd3 Nf6 11. Bg5 Be7 12. Nd2 O-O 13. Rae1 h6 14. Bh4 Bc6 15.
f4 Nd7 16. Bxe7 Qxe7 17. Bc2 Nc5 18. Qg3 Rae8 19. b4 Nd7 20. Nb3 Nf6 21. e5
dxe5 22. fxe5 Nh5 23. Qh3 Qg5 24. Nd4 Bd5 25. g4 Nf4 26. Qg3 Ng2 27. Re2 Nh4
28. Nf5 Bc4 29. Bd3 Bxd3 30. Qxd3 Qxg4+ 31. Ng3 Ng6 32. Re4 Qg5 33. Rf5 Qe7 34.
Qe2 Rd8 35. e6 fxe6 36. Rxe6 Rd1+ 37. Kg2 Qd7 38. Rxf8+ Nxf8 39. Re7 Qd5+ 40.
Ne4 Ng6 41. Re8+ Kf7 42. Kf2 Qf5+ 43. Kg3 Rg1+ 0-1

[Event "Juniorenländerkampf GER-RUS Mädchen"]
[Site "Neustadt"]
[Date "2008.08.20"]
[Round "1"]
[White "Mader, Manuela"]
[Black "Tarasova, Viktoriya"]
[Result "1/2-1/2"]
[WhiteElo "2155"]
[BlackElo "2290"]
[PlyCount "51"]
[EventDate "2008.??.??"]
[EventType "schev"]
[WhiteTeam "Deutschland"]
[BlackTeam "Russland"]

1. e4 e5 2. Nf3 Nc6 3. Bb5 a6 4. Bxc6 dxc6 5. O-O f6 6. d4 exd4 7. Nxd4 c5 8.
Ne2 Qxd1 9. Rxd1 Bd7 10. Be3 O-O-O 11. Nbc3 Re8 12. Rd2 Bc6 13. Rad1 b6 14. Nf4
Nh6 15. Nfd5 Ng4 16. Bf4 Ne5 17. Ne3 Bd6 18. Bg3 Nf7 19. Bxd6 Nxd6 20. f3 Kb7
21. Ncd5 Re6 22. b3 Rf8 23. Nf4 Ree8 24. Ned5 Nf7 25. Nh5 Rg8 26. Ng3 1/2-1/2

[Event "Juniorenländerkampf GER-RUS Mädchen"]
[Site "Neustadt"]
[Date "2008.08.20"]
[Round "1"]
[White "Fuchs, Judith"]
[Black "Vasilkova, Svetlana"]
[Result "1/2-1/2"]
[WhiteElo "2197"]
[BlackElo "2361"]
[PlyCount "103"]
[EventDate "2008.??.??"]
[EventType "schev"]
[WhiteTeam "Deutschland"]
[BlackTeam "Russland"]

1. e4 c5 2. Nf3 d6 3. d4 cxd4 4. Nxd4 Nf6 5. Nc3 a6 6. Be3 e5 7. Nb3 Be6 8. f3
Nbd7 9. g4 b5 10. Qd2 Be7 11. g5 b4 12. Nd5 Nxd5 13. exd5 Bf5 14. Rg1 O-O 15.
Bd3 Bxd3 16. Qxd3 f5 17. gxf6 Rxf6 18. Qe2 Rc8 19. O-O-O Qc7 20. Kb1 Rf7 21.
Rg2 a5 22. Qb5 Bd8 23. Rdg1 Nf6 24. Bh6 g6 25. Qd3 Kh8 26. Nd2 Be7 27. Ne4 Nh5
28. Ng3 Nxg3 29. Rxg3 Bf8 30. Be3 Qc4 31. Qd1 Bg7 32. Rg4 Qb5 33. h4 Rcf8 34.
R4g3 Rf5 35. Bg5 e4 36. h5 exf3 37. hxg6 f2 38. Rf1 Rxd5 39. Qc1 Rdf5 40. gxh7
a4 41. Be3 Qe2 42. Rg2 a3 43. Rxg7 Kxg7 44. h8=Q+ Kxh8 45. Bxf2 Kh7 46. Rh1+
Rh5 47. Be3 Rxh1 48. Qxh1+ Kg7 49. Qh6+ Kf7 50. Qf4+ Ke7 51. Qe4+ Kd7 52. Qb7+
1/2-1/2

[Event "Juniorenländerkampf GER-RUS Mädchen"]
[Site "Neustadt"]
[Date "2008.08.20"]
[Round "1"]
[White "Endress, Anna"]
[Black "Cherenkova, Kristina"]
[Result "1/2-1/2"]
[WhiteElo "2042"]
[BlackElo "2282"]
[PlyCount "80"]
[EventDate "2008.??.??"]
[EventType "schev"]
[WhiteTeam "Deutschland"]
[BlackTeam "Russland"]

1. e4 c5 2. Nf3 e6 3. d4 cxd4 4. Nxd4 Nc6 5. Nc3 Qc7 6. Be2 a6 7. Be3 Nf6 8.
O-O Bb4 9. Na4 O-O 10. Nxc6 bxc6 11. Nb6 Rb8 12. Nxc8 Qxc8 13. Bd4 Nxe4 14. Bd3
f5 15. Bxe4 fxe4 16. Qg4 Rf7 17. Qxe4 Bf8 18. Rad1 c5 19. Be5 Rb4 20. Qe2 d5
21. Rfe1 Qc6 22. Rd3 Re4 23. Re3 Rxe3 24. Qxe3 Qa4 25. Qb3 Qb5 26. Re3 c4 27.
Qxb5 axb5 28. Bd4 Re7 29. Bc5 Re8 30. Bxf8 Kxf8 31. Ra3 Kf7 32. Ra7+ Kf6 33. a3
Rd8 34. Kf1 d4 35. Rc7 d3 36. cxd3 Rxd3 37. a4 bxa4 38. Rxc4 Rb3 39. Rxa4 Rxb2
40. g3 h5 1/2-1/2

[Event "Juniorenländerkampf GER-RUS Mädchen"]
[Site "Neustadt"]
[Date "2008.08.21"]
[Round "2"]
[White "Vasilkova, Svetlana"]
[Black "Schoene, Maria"]
[Result "1-0"]
[WhiteElo "2361"]
[BlackElo "2186"]
[PlyCount "33"]
[EventDate "2008.??.??"]
[EventType "schev"]
[WhiteTeam "Deutschland"]
[BlackTeam "Russland"]

1. e4 c5 2. Nf3 d6 3. Bb5+ Nd7 4. d4 cxd4 5. Qxd4 a6 6. Bxd7+ Bxd7 7. Bg5 Nf6
8. O-O e6 9. Nbd2 b5 10. e5 dxe5 11. Nxe5 Be7 12. Ne4 Nxe4 13. Bxe7 Qxe7 14.
Qxe4 O-O 15. Qb7 Qd6 16. Nxd7 Rfd8 17. Rad1 1-0

[Event "Juniorenländerkampf GER-RUS Mädchen"]
[Site "Neustadt"]
[Date "2008.08.21"]
[Round "2"]
[White "Cherenkova, Kristina"]
[Black "Fuchs, Judith"]
[Result "1/2-1/2"]
[WhiteElo "2282"]
[BlackElo "2197"]
[PlyCount "86"]
[EventDate "2008.??.??"]
[EventType "schev"]
[WhiteTeam "Russland"]
[BlackTeam "Deutschland"]

1. e4 c5 2. Nf3 d6 3. Bb5+ Nd7 4. O-O a6 5. Bxd7+ Bxd7 6. d4 cxd4 7. Nxd4 e5 8.
Nf5 Bxf5 9. exf5 Nf6 10. Bg5 Be7 11. Bxf6 Bxf6 12. Nc3 O-O 13. Qf3 b5 14. Rfd1
e4 15. Qxe4 Bxc3 16. bxc3 Qf6 17. Rd4 Rac8 18. Rad1 Rfe8 19. Qd3 Rc6 20. h3 h6
21. Qf3 Rec8 22. R1d3 Qe5 23. f6 Qe1+ 24. Kh2 Qe5+ 25. g3 Qxf6 26. Qxf6 gxf6
27. Kg2 Rxc3 28. Rxd6 R8c6 29. Rxc3 Rxd6 30. Kf3 Re6 31. Rc7 Kg7 32. c4 Re1 33.
cxb5 axb5 34. Rb7 Ra1 35. Rxb5 Rxa2 36. g4 Ra3+ 37. Kg2 Kg6 38. f3 Re3 39. Kg3
Re5 40. Rb6 Re6 41. Rb7 Re5 42. Rb3 Rc5 43. f4 f5 1/2-1/2

[Event "Juniorenländerkampf GER-RUS Mädchen"]
[Site "Neustadt"]
[Date "2008.08.21"]
[Round "2"]
[White "Burtasova, Anna"]
[Black "Mader, Manuela"]
[Result "1/2-1/2"]
[WhiteElo "2329"]
[BlackElo "2155"]
[PlyCount "114"]
[EventDate "2008.??.??"]
[EventType "schev"]
[WhiteTeam "Russland"]
[BlackTeam "Deutschland"]

1. e4 c6 2. d4 d5 3. exd5 cxd5 4. c4 Nf6 5. Nc3 Nc6 6. Bg5 Be6 7. a3 Bg4 8. f3
Be6 9. c5 g6 10. b4 a6 11. Nge2 h6 12. Bxf6 exf6 13. Nf4 Bg7 14. Bd3 f5 15.
Nce2 Qf6 16. Ra2 O-O 17. O-O Nxd4 18. Kh1 Nxe2 19. Rxe2 g5 20. Nh5 Qc3 21. Nxg7
Kxg7 22. f4 Rae8 23. Qb1 Qxa3 24. fxg5 hxg5 25. Bxf5 Qc3 26. Ref2 Bxf5 27. Rxf5
Re5 28. Rxe5 Qxe5 29. Rf5 Qe3 30. Rxd5 Re8 31. Rd1 Qe4 32. Qb2+ Qe5 33. Qf2 Qe3
34. Qb2+ Qe5 35. Qd2 Qe3 36. h3 Qxd2 37. Rxd2 Re4 38. Rb2 Rc4 39. Kg1 Kf6 40.
Kf2 Ke5 41. b5 Rxc5 42. bxa6 bxa6 43. Rb7 f6 44. Kf3 Rc4 45. Re7+ Kd5 46. Rf7
Ke6 47. Rb7 Ra4 48. Rb6+ Kf5 49. Rc6 Ra1 50. Rc3 a5 51. Rc5+ Ke6 52. Kg4 a4 53.
Rc6+ Kf7 54. Ra6 Kg6 55. h4 gxh4 56. Kxh4 Kf5 57. Kg3 Ke5 1/2-1/2

[Event "Juniorenländerkampf GER-RUS Mädchen"]
[Site "Neustadt"]
[Date "2008.08.21"]
[Round "2"]
[White "Tarasova, Viktoriya"]
[Black "Endress, Anna"]
[Result "0-1"]
[WhiteElo "2290"]
[BlackElo "2042"]
[PlyCount "84"]
[EventDate "2008.??.??"]
[EventType "schev"]
[WhiteTeam "Russland"]
[BlackTeam "Deutschland"]

1. d4 d5 2. c4 e6 3. Nc3 c6 4. e3 Nf6 5. Nf3 Nbd7 6. Qc2 Bd6 7. g4 dxc4 8. g5
Nd5 9. Bxc4 b5 10. Be2 Bb7 11. Bd2 Qc7 12. Nxd5 exd5 13. e4 dxe4 14. Qxe4+ Kf8
15. Qd3 Re8 16. Kf1 a6 17. Rc1 c5 18. b3 Be4 19. Qc3 Qb7 20. dxc5 Bxc5 21. b4
Bd6 22. Rg1 Nb6 23. Qd4 Nd5 24. Bc3 Rg8 25. Nd2 Bf5 26. Bg4 Qe7 27. Bxf5 Qe2+
28. Kg2 Ne3+ 29. Kh1 Nxf5 30. Qb6 Qd3 31. Qc6 Ne7 32. Qe4 Qh3 33. Rg2 Ng6 34.
Qc6 Qe6 35. Nf3 Nf4 36. Rgg1 Rc8 37. Qb6 Qd5 38. Qe3 Re8 39. Be5 Bxe5 40. Rc5
Bd4 41. Rxd5 Bxe3 42. Rf5 g6 0-1

[Event "Juniorenländerkampf GER-RUS Mädchen"]
[Site "Neustadt"]
[Date "2008.08.22"]
[Round "3"]
[White "Schoene, Maria"]
[Black "Cherenkova, Kristina"]
[Result "1-0"]
[WhiteElo "2186"]
[BlackElo "2282"]
[PlyCount "173"]
[EventDate "2008.??.??"]
[EventType "schev"]
[WhiteTeam "Deutschland"]
[BlackTeam "Russland"]

1. e4 c5 2. Nf3 e6 3. d4 cxd4 4. Nxd4 a6 5. Nc3 b5 6. Bd3 d6 7. O-O Nf6 8. Qe2
Be7 9. Bd2 O-O 10. a4 b4 11. Na2 Qb6 12. c3 e5 13. a5 Qb7 14. Nf3 b3 15. Nb4
Nbd7 16. Bg5 Nc5 17. Bxf6 Bxf6 18. Bc4 Be6 19. Bd5 Bxd5 20. Nxd5 Bd8 21. Nd2 f5
22. Qc4 Kh8 23. exf5 Rxf5 24. Ne4 Nxe4 25. Qxe4 Rf4 26. Qd3 Rf8 27. Ne3 Bc7 28.
Rfd1 Rab8 29. Ra3 Qa7 30. c4 Rf6 31. Rxb3 Bxa5 32. Rxb8+ Qxb8 33. Ra1 Qxb2 34.
Rf1 Bb6 35. Ng4 Rf8 36. Qxd6 Re8 37. c5 Ba5 38. Qxa6 Qb4 39. Qc6 Qb8 40. h3 Bc3
41. Qe4 Qc7 42. Qc4 Bd4 43. c6 h6 44. Rc1 Rf8 45. Qe6 Rc8 46. Rc2 Rd8 47. Ne3
Bxe3 48. fxe3 Rd6 49. Qe8+ Kh7 50. Rc5 Rd1+ 51. Kh2 e4+ 52. Qe5 Qxe5+ 53. Rxe5
Rc1 54. Re6 Rc3 55. Kg3 Kg8 56. Kf4 Kf7 57. Rd6 Ke7 58. Rd7+ Kf6 59. c7 Rc4 60.
h4 g6 61. Rd6+ Kf7 62. h5 gxh5 63. Rxh6 Kg7 64. Rxh5 Rxc7 65. Kxe4 Kg6 66. g4
Rc4+ 67. Kf3 Ra4 68. Rb5 Ra1 69. Kf4 Rf1+ 70. Ke5 Kg5 71. Ke6+ Kxg4 72. e4 Re1
73. e5 Kg5 74. Rb8 Kg6 75. Rg8+ Kh7 76. Rg2 Kh6 77. Kf6 Rf1+ 78. Ke7 Re1 79. e6
Re3 80. Kf7 Rf3+ 81. Ke8 Re3 82. e7 Rd3 83. Kf8 Rf3+ 84. Kg8 Re3 85. Rg7 Re1
86. Kf8 Re2 87. Rf7 1-0

[Event "Juniorenländerkampf GER-RUS Mädchen"]
[Site "Neustadt"]
[Date "2008.08.22"]
[Round "3"]
[White "Mader, Manuela"]
[Black "Vasilkova, Svetlana"]
[Result "0-1"]
[WhiteElo "2155"]
[BlackElo "2361"]
[PlyCount "58"]
[EventDate "2008.??.??"]
[EventType "schev"]
[WhiteTeam "Deutschland"]
[BlackTeam "Russland"]

1. e4 c5 2. c3 d6 3. d4 Nf6 4. Bd3 Qc7 5. Nf3 g6 6. h3 Bg7 7. Be3 Nbd7 8. O-O
b6 9. Re1 O-O 10. Qd2 c4 11. Bc2 e5 12. Bg5 Bb7 13. Na3 a6 14. Nh2 exd4 15.
cxd4 Rfe8 16. f3 b5 17. Rac1 Rac8 18. Bd1 Qb6 19. Be3 a5 20. Be2 h5 21. d5 Nc5
22. b3 c3 23. Qc2 Nxd5 24. exd5 Rxe3 25. Kh1 Ba6 26. Nf1 Re7 27. Qd1 Rce8 28.
Nc2 b4 29. Bxa6 Rxe1 0-1

[Event "Juniorenländerkampf GER-RUS Mädchen"]
[Site "Neustadt"]
[Date "2008.08.22"]
[Round "3"]
[White "Fuchs, Judith"]
[Black "Tarasova, Viktoriya"]
[Result "1/2-1/2"]
[WhiteElo "2197"]
[BlackElo "2290"]
[PlyCount "81"]
[EventDate "2008.??.??"]
[EventType "schev"]
[WhiteTeam "Deutschland"]
[BlackTeam "Russland"]

1. e4 e5 2. Bc4 Nf6 3. d3 c6 4. Bb3 d5 5. Nd2 Bc5 6. Ngf3 O-O 7. O-O Re8 8. c3
Nbd7 9. Re1 Qb6 10. Qe2 Nf8 11. Nf1 Ng6 12. h3 Nh5 13. exd5 Ngf4 14. Bxf4 Nxf4
15. Qd2 Bxh3 16. d4 Nxg2 17. dxc5 Nxe1 18. Rxe1 Qxc5 19. Rxe5 Rxe5 20. Nxe5 Re8
21. Qf4 Qe7 22. Nf3 cxd5 23. Bxd5 Be6 24. c4 h6 25. Ne3 a6 26. Nd4 Bxd5 27.
cxd5 Qe4 28. Qxe4 Rxe4 29. Ndf5 Kf8 30. Kg2 Rb4 31. b3 g6 32. Nd6 f5 33. Ndc4
f4 34. Nc2 Rb5 35. d6 Rd5 36. Nb4 Rd1 37. Kf3 b5 38. Ne5 Rxd6 39. Ke4 g5 40.
Nbd3 Kg7 41. Kf5 1/2-1/2

[Event "Juniorenländerkampf GER-RUS Mädchen"]
[Site "Neustadt"]
[Date "2008.08.22"]
[Round "3"]
[White "Endress, Anna"]
[Black "Burtasova, Anna"]
[Result "1/2-1/2"]
[WhiteElo "2042"]
[BlackElo "2329"]
[PlyCount "114"]
[EventDate "2008.??.??"]
[EventType "schev"]
[WhiteTeam "Deutschland"]
[BlackTeam "Russland"]

1. e4 c5 2. Nf3 e6 3. d4 cxd4 4. Nxd4 a6 5. Nc3 Nc6 6. Be3 Nf6 7. Bd3 d5 8.
exd5 Nxd5 9. Nxc6 bxc6 10. Be4 Bd6 11. Bd4 O-O 12. g3 e5 13. Be3 Nxe3 14. fxe3
Qb6 15. O-O Qxe3+ 16. Kh1 Qh6 17. Bxc6 Rb8 18. Bd5 Bh3 19. Re1 Rxb2 20. Bb3 Bb4
21. Qf3 Bg4 22. Qxg4 Bxc3 23. Red1 Rxb3 24. cxb3 Qc6+ 25. Kg1 Qc5+ 26. Kf1 Bxa1
27. Rxa1 Qc2 28. Qe2 Qc6 29. Kf2 Qc5+ 30. Qe3 Qc2+ 31. Qe2 Rc8 32. Rd1 Qxe2+
33. Kxe2 Rc2+ 34. Kf3 f6 35. Rd8+ Kf7 36. h4 Rxa2 37. h5 Rb2 38. Rd7+ Ke6 39.
Rxg7 Rxb3+ 40. Kf2 h6 41. Rh7 a5 42. Rxh6 a4 43. Rh7 Rb2+ 44. Kf3 Kf5 45. g4+
Kg5 46. Rg7+ Kh4 47. h6 Rb8 48. h7 Rh8 49. Ke4 a3 50. Kf5 e4 51. Kf4 e3 52. Ra7
Kh3 53. Rxa3 Rxh7 54. Rxe3+ Kg2 55. Kf5 Rg7 56. Kf4 Ra7 57. Re6 Kh3 1/2-1/2

[Event "Juniorenländerkampf GER-RUS Mädchen"]
[Site "Neustadt"]
[Date "2008.08.23"]
[Round "4"]
[White "Vasilkova, Svetlana"]
[Black "Endress, Anna"]
[Result "1-0"]
[WhiteElo "2361"]
[BlackElo "2042"]
[PlyCount "77"]
[EventDate "2008.??.??"]
[EventType "schev"]
[WhiteTeam "Russland"]
[BlackTeam "Deutschland"]

1. e4 c5 2. Nf3 e6 3. Nc3 a6 4. g3 b5 5. Bg2 Bb7 6. d3 Nf6 7. e5 b4 8. Nb1 Ng4
9. O-O Qc7 10. Qe2 d6 11. exd6 Bxd6 12. Nbd2 Nc6 13. Nc4 Be7 14. Bf4 Qd8 15. c3
Nf6 16. Rfd1 Nd5 17. Bd2 O-O 18. Nfe5 Rc8 19. Nxc6 Bxc6 20. Ne5 Ba8 21. c4 Nb6
22. Bxa8 Rxa8 23. Nc6 Qc7 24. Nxe7+ Qxe7 25. Be3 e5 26. a3 a5 27. axb4 axb4 28.
Qf3 Qd6 29. Qb7 h6 30. Kg2 g5 31. g4 Rfb8 32. Qe4 Rd8 33. Rxa8 Rxa8 34. h4 gxh4
35. Rh1 Rd8 36. Rxh4 Qxd3 37. Qc6 Nxc4 38. Qxh6 Nxe3+ 39. Kh2 1-0

[Event "Juniorenländerkampf GER-RUS Mädchen"]
[Site "Neustadt"]
[Date "2008.08.23"]
[Round "4"]
[White "Tarasova, Viktoriya"]
[Black "Schoene, Maria"]
[Result "1-0"]
[WhiteElo "2290"]
[BlackElo "2186"]
[PlyCount "66"]
[EventDate "2008.??.??"]
[EventType "schev"]
[WhiteTeam "Russland"]
[BlackTeam "Deutschland"]

1. d4 Nf6 2. c4 g6 3. Nc3 Bg7 4. e4 d6 5. Nf3 O-O 6. Be2 e5 7. Be3 Ng4 8. Bg5
f6 9. Bc1 Nc6 10. h3 Nh6 11. Be3 Nf7 12. dxe5 dxe5 13. Bc5 Re8 14. Qa4 Bd7 15.
Qc2 Qc8 16. Rd1 Nfd8 17. Qd2 Be6 18. Nd5 Bf7 19. g4 Ne6 20. Be3 Ned4 21. Bxd4
exd4 22. Qf4 f5 23. gxf5 gxf5 24. Ng5 Bxd5 25. cxd5 Nb4 26. Ne6 Re7 27. Qxf5
Rf7 28. Qg4 c6 29. d6 b5 30. a3 Na6 31. Rxd4 Qd7 32. Nxg7 Rxg7 33. Qxd7 Rxd7
1-0

[Event "Juniorenländerkampf GER-RUS Mädchen"]
[Site "Neustadt"]
[Date "2008.08.23"]
[Round "4"]
[White "Cherenkova, Kristina"]
[Black "Mader, Manuela"]
[Result "1/2-1/2"]
[WhiteElo "2282"]
[BlackElo "2155"]
[PlyCount "71"]
[EventDate "2008.??.??"]
[EventType "schev"]
[WhiteTeam "Russland"]
[BlackTeam "Deutschland"]

1. e4 c6 2. d4 d5 3. exd5 cxd5 4. c4 Nf6 5. Nc3 Nc6 6. Bg5 Be6 7. a3 Bg4 8. f3
Be6 9. c5 g6 10. Bb5 Bg7 11. Nge2 O-O 12. O-O h6 13. Be3 Bf5 14. Qd2 Na5 15.
Rae1 a6 16. Bd3 Bxd3 17. Qxd3 e6 18. Na4 Nd7 19. f4 Rb8 20. b4 Nc4 21. Bc1 b6
22. Qh3 bxc5 23. f5 exf5 24. bxc5 Qa5 25. c6 Qxa4 26. cxd7 Rb3 27. Qh4 Qxd7 28.
Bxh6 Re8 29. Bxg7 Kxg7 30. Ng3 Rxe1 31. Nh5+ gxh5 32. Qg5+ Kh7 33. Qxh5+ Kg7
34. Qg5+ Kf8 35. Qh6+ Kg8 36. Qg5+ 1/2-1/2

[Event "Juniorenländerkampf GER-RUS Mädchen"]
[Site "Neustadt"]
[Date "2008.08.23"]
[Round "4"]
[White "Burtasova, Anna"]
[Black "Fuchs, Judith"]
[Result "1-0"]
[WhiteElo "2329"]
[BlackElo "2197"]
[PlyCount "93"]
[EventDate "2008.??.??"]
[EventType "schev"]
[WhiteTeam "Russland"]
[BlackTeam "Deutschland"]

1. e4 c6 2. c4 d5 3. exd5 cxd5 4. cxd5 Nf6 5. Nc3 Nxd5 6. Nf3 Nc6 7. Bb5 e6 8.
d4 Be7 9. Ne5 Bd7 10. Nxd7 Qxd7 11. Qg4 Bf6 12. O-O O-O 13. Rd1 a6 14. Be2 Rfd8
15. Bf3 Rac8 16. Nxd5 exd5 17. Qxd7 Rxd7 18. Bg4 Rdd8 19. Bxc8 Rxc8 20. Be3 Re8
21. Rac1 Kf8 22. Kf1 h5 23. Rc5 Rd8 24. a3 Be7 25. Rc3 Bf6 26. b4 Rd7 27. Rcd3
g6 28. Bf4 Bd8 29. Re1 Kg7 30. Rb1 g5 31. Bd2 Bf6 32. Be3 Na7 33. a4 Nc8 34. b5
a5 35. Bd2 b6 36. Rg3 g4 37. h3 Bh4 38. Rc3 Nd6 39. Rc6 Nc4 40. Bh6+ Kh7 41.
hxg4 hxg4 42. Bf4 Kg7 43. Re1 Nb2 44. Rxb6 Nxa4 45. Rd6 Rb7 46. Rxd5 Nc3 47.
Rc5 1-0

[Event "Juniorenländerkampf GER-RUS Mädchen"]
[Site "Neustadt"]
[Date "2008.08.25"]
[Round "5"]
[White "Vasilkova, Svetlana"]
[Black "Fuchs, Judith"]
[Result "1/2-1/2"]
[WhiteElo "2361"]
[BlackElo "2197"]
[PlyCount "74"]
[EventDate "2008.??.??"]
[EventType "schev"]
[WhiteTeam "Russland"]
[BlackTeam "Deutschland"]

1. e4 c6 2. d4 d5 3. Nc3 dxe4 4. Nxe4 Bf5 5. Ng3 Bg6 6. h4 h6 7. Nf3 Nd7 8. h5
Bh7 9. Bd3 Bxd3 10. Qxd3 e6 11. Bf4 Ngf6 12. O-O-O Nd5 13. Bd2 Nb4 14. Bxb4
Bxb4 15. Ne4 Qe7 16. c3 Ba5 17. Ne5 Bc7 18. f4 O-O-O 19. Qf3 Nxe5 20. fxe5 Rhf8
21. Kb1 f5 22. exf6 gxf6 23. Nc5 Bd6 24. Nd3 Qg7 25. Rhe1 Rde8 26. Qh3 Qg3 27.
Qxg3 Bxg3 28. Re4 Bd6 29. g4 f5 30. gxf5 exf5 31. Rxe8+ Rxe8 32. Rf1 f4 33. Kc2
Rf8 34. Rg1 f3 35. Kd2 Rf5 36. Ke3 Rxh5 37. Kxf3 Kc7 1/2-1/2

[Event "Juniorenländerkampf GER-RUS Mädchen"]
[Site "Neustadt"]
[Date "2008.08.25"]
[Round "5"]
[White "Tarasova, Viktoriya"]
[Black "Hoolt, Sarah"]
[Result "1/2-1/2"]
[WhiteElo "2290"]
[BlackElo "2298"]
[PlyCount "52"]
[EventDate "2008.??.??"]
[EventType "schev"]
[WhiteTeam "Russland"]
[BlackTeam "Deutschland"]

1. Nf3 Nf6 2. c4 g6 3. Nc3 c5 4. d4 cxd4 5. Nxd4 Bg7 6. e4 d6 7. Be2 O-O 8. Be3
Nc6 9. O-O Bd7 10. Rc1 a6 11. a4 Nxd4 12. Bxd4 Qa5 13. Rb1 Qb4 14. Qc2 b5 15.
axb5 axb5 16. Bxf6 Bxf6 17. Nd5 Qc5 18. b4 Qc6 19. e5 dxe5 20. Bf3 Qxc4 21.
Nxf6+ exf6 22. Qxc4 bxc4 23. Bxa8 Rxa8 24. Rfc1 Bf5 25. Ra1 Rb8 26. Rxc4 Be6
1/2-1/2

[Event "Juniorenländerkampf GER-RUS Mädchen"]
[Site "Neustadt"]
[Date "2008.08.25"]
[Round "5"]
[White "Burtasova, Anna"]
[Black "Schoene, Maria"]
[Result "1-0"]
[WhiteElo "2329"]
[BlackElo "2186"]
[PlyCount "80"]
[EventDate "2008.??.??"]
[EventType "schev"]
[WhiteTeam "Russland"]
[BlackTeam "Deutschland"]

1. e4 c5 2. c3 Nf6 3. e5 Nd5 4. Bc4 Nb6 5. Bb3 Nc6 6. Nf3 g6 7. d4 cxd4 8. Ng5
Nxe5 9. Qxd4 d6 10. f4 h6 11. Ne4 Bg7 12. fxe5 Bxe5 13. Qf2 f5 14. Ned2 Qc7 15.
Nf3 Bd7 16. a4 g5 17. Nbd2 Bg7 18. a5 Nc8 19. Nd4 Bxd4 20. Qxd4 e5 21. Qd5 Rf8
22. Nc4 Ke7 23. Be3 Bc6 24. Qd2 f4 25. Bf2 Bxg2 26. Rg1 Bf3 27. Qd3 e4 28. Qd5
Kd8 29. Bd4 Qc6 30. Qxc6 bxc6 31. Bg7 Rf5 32. Bxh6 g4 33. Nd2 e3 34. Nxf3 gxf3
35. Rg8+ Kd7 36. Bc2 Rb5 37. b4 Rab8 38. Bxf4 e2 39. Bd3 Ne7 40. Rg7 R5b7 1-0

[Event "Juniorenländerkampf GER-RUS Mädchen"]
[Site "Neustadt"]
[Date "2008.08.25"]
[Round "5"]
[White "Cherenkova, Kristina"]
[Black "Endress, Anna"]
[Result "1-0"]
[WhiteElo "2282"]
[BlackElo "2042"]
[PlyCount "83"]
[EventDate "2008.??.??"]
[EventType "schev"]
[WhiteTeam "Russland"]
[BlackTeam "Deutschland"]

1. e4 c5 2. c3 Nf6 3. e5 Nd5 4. Nf3 e6 5. d4 cxd4 6. cxd4 d6 7. Bc4 Nc6 8. O-O
Be7 9. Qe2 O-O 10. Nbd2 Qc7 11. a3 a6 12. Qe4 Rd8 13. Bd3 g6 14. exd6 Bxd6 15.
Nc4 Be7 16. Nce5 Nf6 17. Qf4 Bd7 18. Nxg6 Qxf4 19. Nxe7+ Nxe7 20. Bxf4 Bc6 21.
Be5 Nd7 22. Bc7 Rdc8 23. Bd6 Ng6 24. Ne5 Ndxe5 25. Bxe5 Rd8 26. Bf6 Rd7 27. g3
e5 28. Bxg6 hxg6 29. dxe5 Rd2 30. b4 Bf3 31. Rfc1 Re8 32. Rc3 Bc6 33. Rac1 g5
34. Bxg5 Re2 35. Bf6 Kh7 36. h3 Kg6 37. g4 Ra8 38. R1c2 Re1+ 39. Kh2 a5 40.
bxa5 Rxa5 41. f4 Rd5 42. Kg3 1-0